logo

Bir Sreshtho Munshi Abdur Rouf Library
Jhenaidah Cadet College

ভূতের ভয় / (Record no. 1312)

MARC details
000 -LEADER
fixed length control field 00655nam a2200217 a 4500
001 - CONTROL NUMBER
JCCL Control Number 1312
003 - CONTROL NUMBER IDENTIFIER
JCCL marc code BD-JhCC
005 - DATE AND TIME OF LATEST TRANSACTION
control field 20171021120556.0
008 - FIXED-LENGTH DATA ELEMENTS--GENERAL INFORMATION
fixed length control field 171017s2006 bg ||||| |||| 00| 0 ben d
035 ## - SYSTEM CONTROL NUMBER
system control number (BD-JhCC) 1312
040 ## - CATALOGING SOURCE
Original cataloging agency BD-JhCC
Modifying agency BD-JhCC
041 ## - LANGUAGE CODE
Language code of Book ben
082 ## - DEWEY DECIMAL CLASSIFICATION NUMBER
Classification number 891.443
Author mark and Year KAM 2006
100 ## - MAIN ENTRY--PERSONAL NAME
Personal name কামরুজ্জামান, মোঃ
245 ## - TITLE STATEMENT
Title ভূতের ভয় /
Statement of responsibility, etc মোঃ কামরুজ্জামান
260 ## - PUBLICATION, DISTRIBUTION, ETC. (IMPRINT)
Place of publication, distribution, etc ময়মনসিংহ,
-- ঢাকা :
Name of publisher, distributor, etc 3T প্রকাশনী,
Date of publication, distribution, etc 2006
300 ## - PHYSICAL DESCRIPTION
Pagination 64 p. :
Dimensions 21 cm
650 ## - SUBJECT ADDED ENTRY--TOPICAL TERM
Topical term or geographic name as entry element Bengali Novel
942 ## - ADDED ENTRY ELEMENTS (KOHA)
Source of classification or shelving scheme Dewey Decimal Classification
Koha item type Books
Holdings
Source of classification or shelving scheme Damaged status Not for loan Home library Current library Shelving location Date of accession Cost, normal purchase price Total Checkouts Full call number Barcode Date last seen Copy number Koha item type
Dewey Decimal Classification     JCC Rouf Library JCC Rouf Library General Stacks 10/17/2017 80.00   891.443 KAM 2006 2310 10/17/2017 C-1 Books

JCC Library | Contacts | JCC Home

Last Update on 23 September 2017
Copyright @ 2017-2020 JCC Rouf Library
Rouf Library, Jhenidah Cadet College (JCC), Bangladesh